000 00843 a2200193 4500
999 _c1305
_d1305
020 _a9781485102687
050 _aH62 RES 2006
245 _aResearch in practice :
_bapplied methods for the social sciences /
_cedited by Martin Terre Blanche, Kevin Durrheim, and Desmond Painter.
250 _a2nd ed.
264 _aCape Town :
_bUCT Press,
_c2006.
300 _ax, 594 p. :
_b ill. (some col.) ; 24 cm. + 1 CD-ROM.
500 _aAccompanying CD-ROM entitled : Moonstats : the user-friendly statistics solution. Includes bibliographical references (p. 566-586) and index.
650 _aSocial sciences
_xResearch.
650 _aSocial sciences
_xMethodology.
700 _aTerre Blanche, M. J. (Martin J.)
_eeditor
700 _aDurrheim, Kevin.
_eeditor
700 _a Painter, Desmond.
_eeditor
942 _2lcc
_cBK
_e2nd ed.
_h62
_iRES
_kH